Statystyki dla Wszystkie Państwa leżące na więcej niż 1 kontynęcie

Kliknij tutaj aby rozwiązać quiz!

Ogólne statystyki

  • Ten quiz został rozwiązany 54 razy
    (42 od ostatniego zresetowania)
  • Średni wynik to 6 z 7

Statystyki odpowiedzi

WskazówkiOdpowiedzi% Poprawnych
Europa-AzjaRosja
100%
Europa-AzjaTurcja
97%
Afryka-AzjaEgipt
86%
Europa-
Ameryka
Południowa
Francja
77%
Europa-AfrykaHiszpania
77%
Azja-OceaniaIndonezja
71%
Europa-AzjaKazachstan
60%

Rozkład punktacji

Percentyl według liczby udzielonych odpowiedzi

Procent ludzi z każdym wynikiem

Twoja historia wyników

Nie rozwiązałeś tego quizu od ostatniego zresetowania